Historia del movimiento obrero dominicano 1900-1930 / (Record no. 60352)
[ view plain ]
| 000 -CABECERA | |
|---|---|
| campo de control de longitud fija | 01162nab a2200229 i 4500 |
| 001 - NÚMERO DE CONTROL | |
| campo de control | DO-SdBNP |
| 005 - FECHA Y HORA DE LA ÚLTIMA TRANSACCIÓN | |
| campo de control | 20260218091029.0 |
| 007 - CAMPO FIJO DE DESCRIPCIÓN FÍSICA--INFORMACIÓN GENERAL | |
| campo de control de longitud fija | ta |
| 008 - DATOS DE LONGITUD FIJA--INFORMACIÓN GENERAL | |
| campo de control de longitud fija | 260218e1976 dr qn|p|r||||||0| | spa d |
| 040 ## - FUENTE DE LA CATALOGACIÓN | |
| Centro catalogador/agencia de origen | DO-SdBNP |
| Lengua de catalogación | spa |
| Centro/agencia transcriptor | BNPHU |
| Normas de descripción | rda |
| 041 ## - CÓDIGO DE LENGUA | |
| Código de lengua original | spa |
| 100 ## - ENTRADA PRINCIPAL--NOMBRE DE PERSONA | |
| 9 (RLIN) | 60480 |
| Nombre de persona | Pozo, Manuel de Jesús |
| 245 ## - MENCIÓN DE TÍTULO | |
| Título | Historia del movimiento obrero dominicano 1900-1930 / |
| Mención de responsabilidad, etc. | Manuel de Jesús Pozo. |
| 300 ## - DESCRIPCIÓN FÍSICA | |
| Extensión | páginas, 37-89. |
| 336 ## - TIPO DE CONTENIDO | |
| Término de tipo de contenido | texto |
| Código de tipo de contenido | txt |
| Fuente | rdacontent |
| 337 ## - TIPO DE MEDIO | |
| Nombre/término del tipo de medio | sin mediación |
| Código del tipo de medio | n |
| Fuente | rdamedia |
| 338 ## - TIPO DE SOPORTE | |
| Nombre/término del tipo de soporte | volumen |
| Código del tipo de soporte | nc |
| Fuente | rdacarrier |
| 520 ## - SUMARIO, ETC. | |
| Sumario, etc. | A partir del 1900 se intensifican las inmigraciones de trabajadores a la República Dominicana. A partir de esto se crearán las bases para la aparición del enclave azucarero y el proceso de proletarización inicial quedará, por tiempo, frenado o limitado a los ingenios y a las contadas fábricas y talleres que pudieron sobrevivir. |
| 650 ## - PUNTO DE ACCESO ADICIONAL DE MATERIA--TÉRMINO DE MATERIA | |
| 9 (RLIN) | 60481 |
| Término de materia o nombre geográfico como elemento de entrada | Movimiento Obrero |
| Subdivisión de forma | Publicaciones periódicas |
| Subdivisión general | Historia, |
| Subdivisión cronológica | 1900-1930. |
| Subdivisión geográfica | República Dominicana |
| 773 ## - ENLACE AL DOCUMENTO FUENTE/ENTRADA DE REGISTRO ANFITRIÓN | |
| Parte(s) relacionada(s) | Vol. 1, núm.2 (abr-jun, 1976), páginas, 37-89. |
| -- | Núm.2 (abr-jun, 1976), páginas, 37-89. |
| Título | Realidad contemporánea |
| 942 ## - ELEMENTOS DE PUNTO DE ACCESO ADICIONAL (KOHA) | |
| Fuente del sistema de clasificación o colocación | Dewey Decimal Classification |
| Tipo de ítem Koha | Publicación periódica |
No items available.
